000
00316pab a2200133 454500
008
180718b1999 xxu||||| |||| 00| 0 eng d
245
_a
SPECIAL issue: discourse and urban change
260
_c
1999
300
_a
p.7-213
362
_a
Jan
650
_a
Urban development
773
_a
Urban Studies
909
_a
41225
999
_c
41225
_d
41225